| 000 | 00528nam a22001937a 4500 | ||
|---|---|---|---|
| 003 | OSt | ||
| 005 | 20240906130222.0 | ||
| 008 | 240906b |||||||| |||| 00| 0 eng d | ||
| 020 | _a0521808189 | ||
| 040 |
_aDDC _cMUST |
||
| 082 | _a338.91 MAR,2008 | ||
| 100 |
_aMartens Bertin _919109 |
||
| 245 | _aInstitutional Economics of foreign Aid | ||
| 260 |
_aNewyork: _bCambridge University press, _c2008 |
||
| 300 |
_ax,201p; _bill _c22.7cm |
||
| 504 | _aincludes indexes | ||
| 650 |
_aECONOMIC ASSISTANCE _919110 |
||
| 942 |
_2ddc _cBOOK |
||
| 999 |
_c9361 _d9361 |
||